Hand-book, mineral resources of Georgia, (Record no. 25139)

MARC details
000 -LEADER
fixed length control field 00738cam a22002291 4500
001 - CONTROL NUMBER
control field gs 12000270
003 - CONTROL NUMBER IDENTIFIER
control field DLC
005 - DATE AND TIME OF LATEST TRANSACTION
control field 20260227111312.0
008 - FIXED-LENGTH DATA ELEMENTS--GENERAL INFORMATION
fixed length control field 830620s1911 gaua b 000 0 eng c
010 ## - LIBRARY OF CONGRESS CONTROL NUMBER
LC control number gs 12000270
035 ## - SYSTEM CONTROL NUMBER
System control number (OCoLC)9624318
040 ## - CATALOGING SOURCE
Original cataloging agency U.S. Geol. Survey. Libr.
Transcribing agency MH-A
Modifying agency MH-A
-- DLC
042 ## - AUTHENTICATION CODE
Authentication code premarc
050 00 - LIBRARY OF CONGRESS CALL NUMBER
Classification number TN24.G4
Item number A4 1911
110 1# - MAIN ENTRY--CORPORATE NAME
Corporate name or jurisdiction name as entry element Georgia.
Subordinate unit State Geologist.
245 10 - TITLE STATEMENT
Title Hand-book, mineral resources of Georgia,
Statement of responsibility, etc. by S. W. McCallie, State Geologist.
260 ## - PUBLICATION, DISTRIBUTION, ETC.
Place of publication, distribution, etc. Atlanta, Ga.,
Date of publication, distribution, etc. 1911.
300 ## - PHYSICAL DESCRIPTION
Extent 37 p.
Other physical details illus.
Dimensions 13 cm.
504 ## - BIBLIOGRAPHY, ETC. NOTE
Bibliography, etc. note Includes bibliographical references.
650 #0 - SUBJECT ADDED ENTRY--TOPICAL TERM
Topical term or geographic name entry element Mines and mineral resources
Geographic subdivision Georgia.
700 1# - ADDED ENTRY--PERSONAL NAME
Personal name McCallie, S. W.
Fuller form of name (Samuel Washington),
Dates associated with a name 1856-1933.

No items available.

Powered by Koha